Practical organic Chemistry / (Record no. 76063)

MARC details
000 -LEADER
fixed length control field 00912nam a22002657a 4500
005 - DATE AND TIME OF LATEST TRANSACTION
control field 20130527150530.0
008 - FIXED-LENGTH DATA ELEMENTS--GENERAL INFORMATION
fixed length control field 080826t xxu||||| |||| 00| 0 eng d
010 ## - LCCN (DPL NO)
LC control number B-506592-593
020 ## - INTERNATIONAL STANDARD BOOK NUMBER
International Standard Book Number 9788131727102
Terms of availability 499.00
035 ## - SYSTEM CONTROL NUMBER
System control number B-506592-593
037 ## - SOURCE OF ACQUISITION
Stock number KKP/Ven
040 ## - CATALOGING SOURCE
Original cataloging agency DPL
Language of cataloging English
082 ## - DEWEY DECIMAL CLASSIFICATION NUMBER
Classification number 547.2
100 ## - MAIN ENTRY--PERSONAL NAME
Personal name Mann, F G
245 ## - TITLE STATEMENT
Title Practical organic Chemistry /
Statement of responsibility, etc by F G Mann [and]B C Saunders
246 ## - VARYING FORM OF TITLE
Title proper/short title Practical organic Chemistry
250 ## - EDITION STATEMENT
Edition statement 4th edition
260 ## - PUBLICATION, DISTRIBUTION, ETC. (IMPRINT)
Place of publication, distribution, etc Delhi
Name of publisher, distributor, etc Pearson Education
Date of publication, distribution, etc 2013
270 ## - ADDRESS
Address 7th Floor, Knowledge Boulevard, A-8(A), Sec-62
City Noida
Postal code 201309
300 ## - PHYSICAL DESCRIPTION
Extent 587p.
Dimensions 21 cm (pbk)
500 ## - GENERAL NOTE
General note .
700 ## - ADDED ENTRY--PERSONAL NAME
Dates associated with a name Saunders, B C
942 ## - ADDED ENTRY ELEMENTS (KOHA)
Source of classification or shelving scheme Dewey Decimal Classification
Item type English Books
Call number suffix MAN
Classification part 547.2
Holdings
Withdrawn status Lost status Source of classification or shelving scheme Damaged status Not for loan Collection code Home library Current library Date acquired Source of acquisition Cost, normal purchase price Total Checkouts Full call number Barcode Date last seen Copy number Cost, replacement price Koha item type
    Dewey Decimal Classification     Non-fiction Sarojini Nagar Sarojini Nagar 27/05/2013 KKP/BL3018/19.3.13/172/19.3.13/22.3.13 499.00   547.2 MAN B-506592 27/05/2013 1 499.00 English Books
    Dewey Decimal Classification   Not For Loan Reference South Zone Lib (REF) South Zone Lib (REF) 27/05/2013 KKP/BL3018/19.3.13/172/19.3.13/22.3.13 499.00   547.2 MAN B-506593 27/05/2013 1 499.00 English Books

© Delhi Public Library
Hit Counter
free hit counter